| 000 | 00465nam a22001577a 4500 | ||
|---|---|---|---|
| 005 | 20260310091740.0 | ||
| 008 | 260310b |||||||| |||| 00| 0 eng d | ||
| 040 | _c##$aRTC$cRTC | ||
| 082 | _a808.0427 ROY c1 | ||
| 100 | _aRoyal Thimphu College. | ||
| 245 |
_aACS101 Academic Skills : _bstudent materials. |
||
| 250 | _aMay 2024 Edition | ||
| 260 |
_aThimphu : _bRoyal University of Bhutan, _c2024. |
||
| 300 |
_a77 p. : _c32 Cm. _bill. ; |
||
| 942 |
_2ddc _cCE TEXBOOK |
||
| 999 |
_c10558 _d10559 |
||